• 首页
  • 本馆介绍
  • 公告通知
  • 最新文献
  • 馆藏检索
  • 电子资源
  • 读者导购
  • 参考咨询
  • 我的图书馆
  • 登录
  • 详细信息显示
  • 放入我的书架
  • 预约/预借图书
  • 作者相关作品
  • 分类相关作品
  • 丛书相关作品
  • 出版社相关作品

书目信息

  • 表格格式
  • 工作单格式
  • 卡片格式
题名:
毛泽东思想和中国特色社会主义理论体系概论学生辅学读本
    
 
作者: 《毛泽东思想和中国特色社会主义理论体系概论学生辅学读本》编委会 编
分册:  
出版信息: 北京   中共中央党校出版社  2018
页数: 196页
开本: 26cm
丛书名:
单 册:
中图分类: A84 , D616
科图分类:
主题词: 毛泽东思想--高等学校--教学参考资料 , 中国特色社会主义--社会主义建设模式--高等学校--教学参考资料
电子资源:
ISBN: 978-7-5035-6395-9
000 01328nam0 2200253 45
001 012001007380
005 20140101132001.0
010    @a978-7-5035-6395-9@dCNY33.80
100    @a20180615d2018 em y0chiy0110 ea
101 0  @achi
102    @aCN@b110000
105    @ay z 000yy
106    @ar
200 1  @a毛泽东思想和中国特色社会主义理论体系概论学生辅学读本@9mao ze dong si xiang he zhong guo te se she hui zhu yi li lun ti xi gai lun xue sheng fu xue du ben@f《毛泽东思想和中国特色社会主义理论体系概论学生辅学读本》编委会编
210    @a北京@c中共中央党校出版社@d2018
215    @a196页@d26cm
330    @a《毛泽东思想和中国特色社会主义理论体系概论学生辅学读本》是与马克思主义理论研究和建设工程统编教材《毛泽东思想和中国特色社会主义理论体系概论》相配套的学生辅学读本,旨在运用生动鲜活的材料、通俗易懂的语言解读教材,帮助教师用好教材,帮助学生读好教材,为师生提供好教、好看的教学用书。
606 0  @a毛泽东思想@x高等学校@j教学参考资料
606 0  @a中国特色社会主义@x社会主义建设模式@x高等学校@j教学参考资料
690    @aA84@v5
690    @aD616@v5
701  0 @a《毛泽东思想和中国特色社会主义理论体系概论学生辅学读本》编委会@9mao ze dong si xiang he zhong guo te se she hui zhu yi li lun ti xi gai lun xue sheng fu xue du ben bian wei hui@4编
801  2 @aCN@b上海新华@c20191020
905    @b1133318-22@dA84@e176@f5
    
    毛泽东思想和中国特色社会主义理论体系概论学生辅学读本/《毛泽东思想和中国特色社会主义理论体系概论学生辅学读本》编委会编.-北京:中共中央党校出版社,2018
    196页;26cm
    
    
    ISBN 978-7-5035-6395-9:CNY33.80
    《毛泽东思想和中国特色社会主义理论体系概论学生辅学读本》是与马克思主义理论研究和建设工程统编教材《毛泽东思想和中国特色社会主义理论体系概论》相配套的学生辅学读本,旨在运用生动鲜活的材料、通俗易懂的语言解读教材,帮助教师用好教材,帮助学生读好教材,为师生提供好教、好看的教学用书。
●
相关链接 在E读中查询图书 在五车中查询图书 在当当中查询图书 在豆瓣中查询图书


正题名:毛泽东思想和中国特色社会主义理论体系概论学生辅学读本     索取号:A84/176         预约/预借

序号 登录号 条形码 馆藏地/架位号 状态 备注
1 1133318   211333181   第一样本阅览室/ [索取号:A84/176] 在馆    
2 1133319   211333190   第一借阅区/ [索取号:A84/176] 在馆    
3 1133320   211333207   第一借阅区/ [索取号:A84/176] 在馆    
4 1133321   211333216   第一借阅区/ [索取号:A84/176] 在馆    
5 1133322   211333225   第一借阅区/ [索取号:A84/176] 在馆    
唐山师范学院图书馆 欢迎您!
大连网信软件有限公司© 版权所有